Κατάλογος Βιβλιοθηκών Mediterranean College

Resources of Hope / Culture, Democracy, Socialism (Record no. 476)

MARC details
000 -LEADER
fixed length control field 01479cam a22002174a 4500
005 - ΗΜΕΡΟΜΗΝΙΑ ΚΑΙ ΩΡΑ ΤΕΛΕΥΤΑΙΑΣ ΕΝΗΜΕΡΩΣΗΣ
Πεδίο ελέγχου 20250605163936.0
008 - FIXED-LENGTH DATA ELEMENTS--GENERAL INFORMATION
Πεδίο ελέγχου σταθερού μήκους 250528s ||||||||||||||||||||||||d
035 ## - SYSTEM CONTROL NUMBER
System control number 14865
020 ## - ISBN
ISBN 860919439
040 ## - ΠΗΓΗ ΚΑΤΑΛΟΓΟΓΡΑΦΗΣΗΣ
Φορέας πρωτότυπης καταλογογράφησης MC Athens Campus Library
Γλώσσα καταλογογράφησης Ελληνικά, Μοντέρνα (1453-)
Modifying agency MC Athens Campus Library
Κανόνες περιγραφικής καταλογογράφησης AACR2
245 1# - ΤΙΤΛΟΣ ΚΑΙ ΔΗΛΩΣΗ ΥΠΕΥΘΥΝΟΤΗΤΑΣ
Τίτλος Resources of Hope / Culture, Democracy, Socialism
250 ## - EDITION STATEMENT
Edition statement 1st
260 ## - PUBLICATION, DISTRIBUTION, ETC.
Name of publisher, distributor, etc. Verso,
Date of publication, distribution, etc. 1989
300 ## - PHYSICAL DESCRIPTION
Extent 336
520 ## - SUMMARY, ETC.
Summary, etc. This valuable collection confirms Raymond Williams as a thinker of rare versatility and one of the outstanding intellectuals of our century. Acknowledgements, Introduction, Defining a Democratic Culture, Culture is Ordinary, Communications and Community, The Idea of a Common Culture, State and Administration and the Arts, The Arts Council, Solidarity and Commitment, Why Do I Demonstrate?, The Writer: Commitment and Alignment, Art: Freedom as Duty, Resources of Class and Community, Welsh Culture, The Social Significance of 1926, The Importance of Community, Beyond Laborism, The British Left, Ideas and the Labor Movement, An Alternative Politics, Problems of the Coming Period, Socialists and Coalitionists, The Challenge of the New Social Movements, Socialism and Ecology, Between Country and City, Redefining Socialist Democracy, Democracy and Parliament, Hesitations Before Socialism, The Practice of Possibility, Selected Bibliography, Index.
700 1# - ΠΡΟΣΘΕΤΗ ΑΝΑΓΡΑΦΗ--ΦΥΣΙΚΟ ΠΡΟΣΩΠΟ
Personal name Blackburn Robin
9 (RLIN) 641
700 1# - ΠΡΟΣΘΕΤΗ ΑΝΑΓΡΑΦΗ--ΦΥΣΙΚΟ ΠΡΟΣΩΠΟ
Personal name Williams Raymond
9 (RLIN) 642
942 ## - ADDED ENTRY ELEMENTS (KOHA)
Koha item type Books
Holdings
Τύπος τεκμηρίου Βιβλιοθήκη Τρέχουσα τοποθεσία Barcode Αριθμός εισαγωγής Ημερομηνία απόκτησης Ταξιθετικό σύμβολο Αριθμός αντιτύπου Κατάσταση απόσυρσης Κατάσταση χαμένου Κατάσταση κατεστραμμένου Μη δανεισμός Σύνολο δανεισμών Ημερομηνία τελευταίας εμφάνισης Η τιμή ισχύει από
Books MC Athens Campus Library MC Athens Campus Library 9780000004758 5677 05/06/2025 306/.2/0941 WIL 1           05/06/2025 05/06/2025

MC Athens Campus Library
Πατησίων 94 & Κοδριγκτώνος 13, 104 34
Πελλήνης 8 & Πατησίων 107, 112 51
Τ: +30 210 8899600

MC Thessaloniki Campus Library
Ίωνος Δραγούμη 21, 54625 | Ίωνος Δραγούμη 15, 54625
Τ: +30 2310 287779 – Τ: +30 2314 440300